| 000 | 00793nam a22002175a 4500 | ||
|---|---|---|---|
| 005 | 20090627120430.0 | ||
| 008 | 090114s2009 wau 000 0 eng | ||
| 010 | _aENG-94257 | ||
| 020 |
_a8188872075 _c495.00 |
||
| 035 | _aEN-77790 | ||
| 037 | _bDBAD / PUB | ||
| 040 |
_adpl _bEnglish |
||
| 082 | _a483.103 | ||
| 100 | _aGautam, V. | ||
| 245 |
_aDictionary of idioms and phrases / _cby V. Gautam |
||
| 260 |
_aDelhi _bGarima Books _c2008 |
||
| 270 |
_a6/40, Mohalla Maharam, Gali Aryasamaj, Shahdhara _bDelhi _e110032 |
||
| 300 |
_a270p. _c23cm(Hb) |
||
| 942 |
_2ddc _cEN _mGAU _h483.103 |
||
| 999 |
_c27932 _d27932 |
||